000 00494nam a2200169Ia 4500
008 160114s9999 xx 000 0 und d
020 _a0-43115810x
050 _a918
050 _b.F793s 2006
100 _aFox, Mary Virginia.
245 _aSouth America /
_cMary Virginia Fox.
260 _aSouth China :
_bModern Age Repro House Ltd
_c2006
300 _a32 pages;
_bcol. Illustrations, col. Maps ;
440 _a First Library: Continents
650 _aSouth America--
650 _xmaps.
999 _c290276
_d290276